Zahraničný obchod v stratégii hospodárskeho rozvoja Kostariky
Vývoj tovarovej štruktúry vývozu a komoditné skupiny, pri ktorých vývoze má Kostarika najvyššie komparatívne výhody. Kostarika má naďalej vysoké prirodzené komparatívne výhody vo vývoze tradičných agrárnych komodít ako sú banány a káva. V súčasnosti má Kostarika najvyšší stupeň špecializácie vo vývo...
Na minha lista:
| Autor principal: | |
|---|---|
| Formato: | Capítulo de Livro |
| Idioma: | eslovaco |
| Assuntos: | |
| Tags: |
Sem tags, seja o primeiro a adicionar uma tag!
|
MARC
| LEADER | 00000naa$a2200000$$$4500 | ||
|---|---|---|---|
| 001 | 0279069 | ||
| 005 | 20240502074331.5 | ||
| 041 | 0 | |a slo | |
| 044 | |a SK | ||
| 245 | 1 | 0 | |a Zahraničný obchod v stratégii hospodárskeho rozvoja Kostariky |c Peter Jančovič |
| 520 | |a Vývoj tovarovej štruktúry vývozu a komoditné skupiny, pri ktorých vývoze má Kostarika najvyššie komparatívne výhody. Kostarika má naďalej vysoké prirodzené komparatívne výhody vo vývoze tradičných agrárnych komodít ako sú banány a káva. V súčasnosti má Kostarika najvyšší stupeň špecializácie vo vývoze lekárskych a zdravotníckych nástrojov, zariadení a pomôcok s vysokou technologickou náročnosťou a intenzitou na vysokokvalifikovanú pracovnú silu. | ||
| 610 | 2 | 0 | |a obchod zahraničný |
| 610 | 2 | 0 | |a Kostarika |
| 610 | 2 | 0 | |a rozvoj hospodársky |
| 610 | 2 | 0 | |a vývoz |
| 100 | 1 | |a Jančovič, Peter, 1995- | |